00888 2200349 4500001002100000005001700021008004100038020002200079035002400101040001200125041000800137082001200145090001800157100001000175245005000185250001000235260002900245300003400274504002600308600001000334650002400344990001700368990001700385990001700402990001700419990001700436990001700453990001700470990001700487990001700504990001700521YOGYA-0213000000002120130202095935.0 ind  a978-602-978-445-9 0010-021300000000021 aYOPDYOG aInd a297.266 a297.266 Rus R aRUSDI aRahasia memaafkan bagi kesehatan tubuhcRUSDI aCet.1 aYogyakartabSabilc2011. a190 hlmbilusc20 cm (10 eks) aBibliografi: hlm. 187 aPutri aIslam dan kesehatan a2281-PK/B.12 a2282-PK/B.12 a2283-PK/B.12 a2284-PK/B.12 a2285-PK/B.12 a2286-PK/B.12 a2287-PK/B.12 a2288-PK/B.12 a2289-PK/B.12 a2290-PK/B.12